Winston S. Churchill, Paul Heyse, Eugene O'Neill, Pär Lagerkvist, Sigrid Undset, Romain Rolland (Record no. 198413)

MARC details
000 -LEADER
campo de control de longitud fija 01801nam a2200409 i 4500
001 - NÚMERO DE CONTROL
campo de control 198413
003 - IDENTIFICADOR DE NÚMERO DE CONTROL
campo de control ES-MaACL
005 - FECHA Y HORA DE LA ÚLTIMA TRANSACCIÓN
campo de control 20260601173720.0
007 - CAMPO FIJO DE DESCRIPCIÓN FÍSICA--INFORMACIÓN GENERAL
campo de control de longitud fija ta
008 - DATOS DE LONGITUD FIJA--INFORMACIÓN GENERAL
campo de control de longitud fija 260601s1956 sp a|||| |||| 001 1 spa d
040 ## - FUENTE DE CATALOGACIÓN
Centro catalogador/agencia de origen ES-MaACL
Lengua de catalogación spa
Centro/agencia transcriptor ES-MaACL
Normas de descripción rda
080 ## - NÚMERO DE LA CLASIFICACIÓN DECIMAL UNIVERSAL
Número de la Clasificación Decimal Universal 82"18/19"(082.2)
100 1# - ENTRADA PRINCIPAL--NOMBRE DE PERSONA
Nombre de persona Churchill, Winston,
Títulos y otros términos asociados al nombre Sir,
Fechas asociadas al nombre 1874-1965
Relación aut
9 (RLIN) 38708
Término indicativo de función/relación Autor
245 10 - MENCIÓN DEL TÍTULO
Título Winston S. Churchill, Paul Heyse, Eugene O'Neill, Pär Lagerkvist, Sigrid Undset, Romain Rolland
264 #1 - PRODUCCIÓN, PUBLICACIÓN, DISTRIBUCIÓN, FABRICACIÓN Y COPYRIGHT
Producción, publicación, distribución, fabricación y copyright Barcelona :
Nombre del de productor, editor, distribuidor, fabricante José Janés Editor,
Fecha de producción, publicación, distribución, fabricación o copyright 1956
300 ## - DESCRIPCIÓN FÍSICA
Extensión 1914 páginas y 6 hojas sin numerar :
Otras características físicas retratos (blanco y negro) ;
Dimensiones 18 cm
336 ## - TIPO DE CONTENIDO
Fuente rdacontent
Término de tipo de contenido Texto
337 ## - TIPO DE MEDIO
Fuente rdamedia
Nombre/término del tipo de medio sin mediación
338 ## - TIPO DE SOPORTE
Fuente rdacarrier
Nombre/término del tipo de soporte volumen
490 0# - MENCIÓN DE SERIE
Mención de serie Los premios Nobel de literatura ;
Designación de volumen o secuencia 4
500 ## - NOTA GENERAL
Nota general Registro provisional
500 ## - NOTA GENERAL
Nota general Índice
505 0# - NOTA DE CONTENIDO CON FORMATO
Nota de contenido con formato Grandes contemporáneos / Winston S. Churchill -- El nacimiento de Venus / Paul Heyse -- El emperador Jones ; Antes del desayuno / Eugene O'Neill -- Barrabás / Pär Lagerkvist -- Kristina Lavransdatter / Sigrid Undset -- Goethe y Beethoven ; Miguel Angel / Romain Rolland
546 ## - NOTA DE IDIOMA
Nota de lengua/lenguaje Traducido del francés, inglés, sueco, noruego y alemán
650 #4 - PUNTO DE ACCESO ADICIONAL DE MATERIA--TÉRMINO DE MATERIA
Término de materia o nombre geográfico como elemento de entrada Literatura-
Subdivisión cronológica S.XIX
9 (RLIN) 160173
650 #4 - PUNTO DE ACCESO ADICIONAL DE MATERIA--TÉRMINO DE MATERIA
Término de materia o nombre geográfico como elemento de entrada Literatura-
Subdivisión cronológica S.XX
9 (RLIN) 14497
700 1# - ENTRADA AGREGADA--NOMBRE PERSONAL
Nombre de persona Heyse, Paul
Relación aut
9 (RLIN) 127964
Término indicativo de función/relación Autor
700 1# - ENTRADA AGREGADA--NOMBRE PERSONAL
Nombre de persona O'Neill, Eugene
Relación aut
9 (RLIN) 86353
Término indicativo de función/relación Autor
700 1# - ENTRADA AGREGADA--NOMBRE PERSONAL
Nombre de persona Lagerkvist, Pär
Relación aut
9 (RLIN) 69570
Término indicativo de función/relación Autor
700 1# - ENTRADA AGREGADA--NOMBRE PERSONAL
Nombre de persona Undset, Sigrid
9 (RLIN) 112002
Relación aut
Término indicativo de función/relación Autor
700 1# - ENTRADA AGREGADA--NOMBRE PERSONAL
Nombre de persona Rolland, Romain,
Fechas asociadas al nombre 1866-1944
9 (RLIN) 239240
Relación aut
Término indicativo de función/relación Autor
852 ## - LOCALIZACIÓN
Ubicación ES-MaACL
Ubicación en estantería Despachos-biblioteca
Número de control de estantería DB-216
Donativo/Legado Donación: J. Porto
Encuadernación Encuadernación cartoné
itemnumber 207391
942 ## - ELEMENTOS DE ENTRADA SECUNDARIOS (KOHA)
Tipo de ítem Koha Libro impreso
Suprimir en OPAC No
Holdings
Estatus retirado Estado de pérdida Fuente del sistema de clasificación o colocación Estado de daño No para préstamo Biblioteca de origen Biblioteca actual Ubicación en estantería Fecha de adquisición Fuente de adquisición Total de préstamos Signatura topográfica completa Código de barras Visto por última vez Precio de reemplazo Tipo de ítem Koha
    Clasificación decimal universal     Biblioteca del Ateneo de Madrid Biblioteca del Ateneo de Madrid Despachos-biblioteca 01/06/2026 Donación   DB-216 2026-0383 01/06/2026 01/06/2026 Libro impreso